00682nam a2200229Ia 4500001000600000003000900006008004100015040001300056040001300069041001300082100001800095100002900113245006500142245003500207250001100242260001900253260001300272260004900285300005900334650002800393650003100421 2355IT-RoPAU130308s9999 xx 000 0 und d aIT-RoPAU cIT-RoPAU aITALIANO aMechini Piero gCodice Aut. SPICS: 3927 aFedeltà alla storia: Corazzata Potemkin e Alexandr Nevskij bCinema di S.M. Ejzenstejn (Il) a1a ed. aRIMINI/FIRENZE bGuaraldi c1975 [1° Ed.:1975 - Ed.Ling.Originale:1975] a"26 p. (prefazione: no ; testo: 26 [pagine: 259-284])" aAUTORI/OPERE DEL CINEMA eCodice materia Spics: 6807